Five Letter Bird Names - Statistics

General Stats
  • This quiz has been taken 57 times
    45 since last reset
  • The average score is 10 of 55
Answer Stats
Answer % Correct
robin
59%
eagle
56%
heron
56%
stork
56%
finch
53%
raven
53%
goose
50%
crane
47%
egret
41%
macaw
38%
mynah
32%
quail
32%
booby
26%
swift
24%
grebe
18%
batis
15%
capon
15%
crake
15%
hobby
15%
junco
15%
argus
12%
asity
12%
besra
12%
carib
12%
comet
12%
eider
12%
minla
12%
prion
12%
stilt
12%
veery
12%
vireo
12%
fairy
9%
grass
9%
mesia
9%
monal
9%
munia
9%
noddy
9%
ouzel
9%
owlet
9%
pewee
9%
pipit
9%
pitta
9%
potoo
9%
scaup
9%
snipe
9%
stint
9%
sylph
9%
topaz
9%
tsuru
9%
vanga
9%
maleo
6%
miner
6%
murre
6%
mango
3%
sibia
3%
No matching quizzes found
Score Distribution
Percent of People with Each Score
Percentile by Number Answered
Your Score History
You have not taken this quiz since the last reset